[Event "Wachtebeke-B"]
[Site "Wachtebeke"]
[Date "2024.02.12"]
[Round "4"]
[White "Verduyn, Frederic"]
[Black "Nemegeer, Arne"]
[Result "1/2-1/2"]
[WhiteElo "2087"]
[BlackElo "2100"]
[PlyCount "49"]
[EventDate "2024.02.12"]
[EventType "tourn"]
[EventRounds "9"]
[EventCountry "BEL"]
[SourceTitle "CB08_2024"]
[SourceDate "2024.02.21"]
[SourceVersion "1"]
[SourceVersionDate "2024.02.21"]
[SourceQuality "1"]

1. d4 Nf6 2. Nc3 d5 3. Bf4 c5 4. e3 cxd4 5. exd4 a6 6. Nf3 Nc6 7. Ne5 Bd7 8. g4 h6 9. Bg2 e6 10. 0-0 Rc8 11. Re1 Bb4 12. Re3 Nxe5 13. Bxe5 Bxc3 14. bxc3 0-0 15. h4 Ne8 16. g5 f6 17. gxf6 Nxf6 18. Rg3 Qe7 19. Rb1 Bb5 20. Qd2 Kh7 21. Re1 Rf7 22. f4 Rcf8 23. Bf3 Nd7 24. Bc7 Nf6 25. Be5 1/2-1/2

[Event "Vlissingen HZ op 19th"]
[Site "Vlissingen"]
[Date "2015.08.08"]
[Round "9"]
[White "Verduyn, Frederic"]
[Black "Wagenvoorde, Guido"]
[Result "1/2-1/2"]
[WhiteElo "2199"]
[BlackElo "1824"]
[PlyCount "64"]
[EventDate "2015.08.01"]
[EventType "swiss"]
[EventRounds "9"]
[EventCountry "NED"]
[SourceTitle "CBM 167 Extra"]
[Source "ChessBase"]
[SourceDate "2015.09.14"]
[SourceVersion "1"]
[SourceVersionDate "2015.09.14"]
[SourceQuality "1"]

1. e4 c6 2. d4 d5 3. Nc3 dxe4 4. Nxe4 Bf5 5. Ng3 Bg6 6. h4 h6 7. Nf3 Nd7 8. h5 Bh7 9. Bd3 Bxd3 10. Qxd3 e6 11. Bd2 Ngf6 12. 0-0-0 Be7 13. Ne4 Nxe4 14. Qxe4 Nf6 15. Qe2 Qd5 16. c4 Qe4 17. Qxe4 Nxe4 18. Be3 Nf6 19. Ne5 Rc8 20. f3 Nd7 21. Nxd7 Kxd7 22. Kb1 b6 23. g4 Kc7 24. Rhe1 Bh4 25. Re2 Rcd8 26. Bf4+ Kc8 27. Red2 Rd7 28. d5 exd5 29. cxd5 cxd5 30. Rxd5 Rxd5 31. Rxd5 Rd8 32. Rxd8+ Kxd8 1/2-1/2

[Event "Vlissingen HZ op 19th"]
[Site "Vlissingen"]
[Date "2015.08.04"]
[Round "5"]
[White "Verduyn, Frederic"]
[Black "Beerdsen, Thomas"]
[Result "0-1"]
[WhiteElo "2199"]
[BlackElo "2319"]
[PlyCount "68"]
[EventDate "2015.08.01"]
[EventType "swiss"]
[EventRounds "9"]
[EventCountry "NED"]
[SourceTitle "CBM 167 Extra"]
[Source "ChessBase"]
[SourceDate "2015.09.14"]
[SourceVersion "1"]
[SourceVersionDate "2015.09.14"]
[SourceQuality "1"]

1. c4 e5 2. g3 d6 3. Bg2 f5 4. Nc3 Nf6 5. d3 g6 6. e4 fxe4 7. dxe4 Bg7 8. Nge2 0-0 9. 0-0 Be6 10. b3 Qd7 11. Nd5 Nc6 12. Nxf6+ Rxf6 13. Be3 Ne7 14. Nc3 Rf7 15. Qd2 Raf8 16. Rad1 b6 17. Nd5 Nc6 18. Nb4 Nd8 19. Qc2 Bg4 20. Rd2 Bf3 21. Nd3 Ne6 22. b4 Bxg2 23. Kxg2 Bf6 24. c5 Qc6 25. Qc4 dxc5 26. bxc5 Nd4 27. f3 b5 28. Qd5 Rd8 29. Qxd8+ Bxd8 30. Nxe5 Qxc5 31. Nxf7 Kxf7 32. Rxd4 Be7 33. Rc1 Qa3 34. Bf2 Qxc1 0-1

[Event "Condom op 12th"]
[Site "Condom"]
[Date "2013.07.14"]
[Round "2"]
[White "Verduyn, Frederic"]
[Black "Santos Latasa, Jaime"]
[Result "0-1"]
[WhiteElo "2150"]
[BlackElo "2418"]
[PlyCount "68"]
[EventDate "2013.07.13"]
[EventType "swiss"]
[EventRounds "9"]
[EventCountry "FRA"]
[SourceTitle "CBM 155 Extra"]
[Source "ChessBase"]
[SourceDate "2013.08.26"]
[SourceVersion "1"]
[SourceVersionDate "2013.08.26"]
[SourceQuality "1"]

1. d4 Nf6 2. c4 e6 3. Nc3 Bb4 4. e3 d5 5. Nge2 c6 6. a3 Ba5 7. b4 Bc7 8. Ng3 0-0 9. Be2 e5 10. dxe5 Bxe5 11. Bb2 Be6 12. c5 Ne4 13. Ngxe4 dxe4 14. Qc2 f5 15. 0-0 Qc7 16. h3 Nd7 17. Rfd1 Nf6 18. Bf1 Qf7 19. Rd2 f4 20. Nd1 Bxb2 21. Qxb2 f3 22. Qe5 Rae8 23. Qh2 Rd8 24. Rd6 Rxd6 25. cxd6 fxg2 26. Bxg2 Bd5 27. Rc1 a6 28. Bf1 Ne8 29. Nc3 Qg6+ 30. Bg2 Nxd6 31. Nxd5 cxd5 32. Rc7 d4 33. Rd7 dxe3 34. fxe3 Nc4 0-1

[Event "Condom op-A 10th"]
[Site "Condom"]
[Date "2011.07.10"]
[Round "3"]
[White "Piceu, Tom"]
[Black "Verduyn, Frederic"]
[Result "1-0"]
[WhiteElo "2313"]
[BlackElo "2192"]
[PlyCount "107"]
[EventDate "2011.07.09"]
[EventType "swiss"]
[EventRounds "9"]
[EventCountry "FRA"]
[SourceTitle "CBM 143 Extra"]
[Source "ChessBase"]
[SourceDate "2011.08.29"]
[SourceVersion "1"]
[SourceVersionDate "2011.08.29"]
[SourceQuality "1"]

1. d4 g6 2. c4 Bg7 3. e4 c5 4. Nf3 cxd4 5. Nxd4 Nc6 6. Be3 Nf6 7. Nc3 d6 8. Be2 0-0 9. 0-0 a6 10. h3 Nxd4 11. Bxd4 Bd7 12. Nd5 Nxd5 13. exd5 Rc8 14. Bxg7 Kxg7 15. Qd4+ Kg8 16. b4 e5 17. dxe6 Bxe6 18. Rac1 Qc7 19. a3 Rfe8 20. h4 h5 21. Rfd1 Bf5 22. Bf3 Re5 23. Kh2 Qe7 24. g3 Be4 25. Bxe4 Rxe4 26. Qxd6 Qxd6 27. Rxd6 Rexc4 28. Rxc4 Rxc4 29. Rb6 Rc7 30. Kg2 Kf8 31. a4 Ke8 32. Kf3 Kd8 33. Kf4 Ke7 34. f3 f6 35. Ke4 Rd7 36. g4 hxg4 37. fxg4 Kf7 38. h5 Re7+ 39. Kf3 g5 40. a5 Rc7 41. Ke4 Rd7 42. b5 axb5 43. Rxb5 Ke6 44. h6 Re7 45. h7 Kd6+ 46. Kf5 Rxh7 47. Kxf6 Kc6 48. Rxg5 Rd7 49. Re5 Rd1 50. g5 Rf1+ 51. Rf5 Rd1 52. g6 Rd6+ 53. Kf7 Rd7+ 54. Kg8 1-0

[Event "Ghent VSF-chA"]
[Site "Ghent"]
[Date "2011.06.04"]
[Round "6"]
[White "Van Vliet, Dennis"]
[Black "Verduyn, Frederic"]
[Result "1/2-1/2"]
[WhiteElo "2109"]
[BlackElo "2184"]
[PlyCount "95"]
[EventDate "2011.06.02"]
[EventType "swiss"]
[EventRounds "7"]
[EventCountry "BEL"]
[SourceTitle "EXT 2012"]
[Source "ChessBase"]
[SourceDate "2011.11.24"]
[SourceVersion "1"]
[SourceVersionDate "2011.11.24"]
[SourceQuality "1"]

1. d4 d6 2. c4 e5 3. Nf3 e4 4. Nfd2 f5 5. e3 Nf6 6. Nc3 Be7 7. f3 exf3 8. Nxf3 0-0 9. Bd3 c5 10. 0-0 g6 11. d5 a6 12. a4 Re8 13. Qc2 Nh5 14. e4 Ng7 15. Ra3 fxe4 16. Nxe4 Bf5 17. Bh6 Bf8 18. Nfg5 Nd7 19. h3 Ne5 20. g4 Bxe4 21. Bxe4 Be7 22. Bxg7 Bxg5 23. Bxe5 Rxe5 24. Bxg6 Be3+ 25. Kg2 Qh4 26. Bf7+ Kg7 27. Be6 Rf8 28. Rxf8 Kxf8 29. Qe2 Bf4 30. Qf3 Qf6 31. Bf5 Rxf5 32. gxf5 Qxb2+ 33. Qf2 Qxa3 34. Qxf4 Qb2+ 35. Kg3 Qf6 36. Kg4 h6 37. a5 Kf7 38. Qe3 h5+ 39. Kxh5 Qxf5+ 40. Kh4 Qf6+ 41. Kg4 Qg7+ 42. Qg5 Qc3 43. Qf5+ Kg7 44. Qd7+ Kg8 45. Qxd6 Qxc4+ 46. Kf5 Qd3+ 47. Kf6 Qf3+ 48. Kg5 1/2-1/2

[Event "Ghent VSF-chA"]
[Site "Ghent"]
[Date "2011.06.03"]
[Round "3"]
[White "Verduyn, Frederic"]
[Black "Bomans, Arno"]
[Result "1/2-1/2"]
[WhiteElo "2185"]
[BlackElo "2200"]
[PlyCount "20"]
[EventDate "2011.06.02"]
[EventType "swiss"]
[EventRounds "7"]
[EventCountry "BEL"]
[SourceTitle "EXT 2012"]
[Source "ChessBase"]
[SourceDate "2011.11.24"]
[SourceVersion "1"]
[SourceVersionDate "2011.11.24"]
[SourceQuality "1"]

1. Nf3 Nf6 2. c4 e6 3. g3 d5 4. Bg2 c6 5. Qc2 Be7 6. 0-0 0-0 7. d4 b6 8. b3 Bb7 9. Nc3 Nbd7 10. Rd1 Rc8 1/2-1/2

[Event "BEL-chT 1011"]
[Site "Belgium"]
[Date "2010.09.26"]
[Round "1.7"]
[White "Goossens, Etienne"]
[Black "Verduyn, Frederic"]
[Result "1-0"]
[WhiteElo "2243"]
[BlackElo "2202"]
[PlyCount "35"]
[EventDate "2010.09.26"]
[EventType "team-tourn"]
[EventRounds "11"]
[EventCountry "BEL"]
[SourceTitle "EXT 2012"]
[Source "ChessBase"]
[SourceDate "2011.11.24"]
[SourceVersion "1"]
[SourceVersionDate "2011.11.24"]
[SourceQuality "1"]
[WhiteTeam "Ans"]
[BlackTeam "KBSK Brugge"]
[WhiteTeamCountry "BEL"]
[BlackTeamCountry "BEL"]

1. e4 d6 2. d4 Nf6 3. Nc3 c6 4. f4 Qa5 5. Bd3 e5 6. Nge2 Bg4 7. Be3 Nbd7 8. Qd2 Bxe2 9. Bxe2 Be7 10. 0-0 Qc7 11. Kh1 b5 12. fxe5 dxe5 13. d5 a6 14. Rad1 cxd5 15. Nxd5 Nxd5 16. Qxd5 0-0-0 17. Rxf7 Rhe8 18. Qa8+ 1-0

[Event "Vlissingen HZ op 14th"]
[Site "Vlissingen"]
[Date "2010.08.13"]
[Round "8"]
[White "Verduyn, Frederic"]
[Black "Van den Doel, Erik"]
[Result "0-1"]
[WhiteElo "2195"]
[BlackElo "2591"]
[PlyCount "84"]
[EventDate "2010.08.07"]
[EventType "swiss"]
[EventRounds "9"]
[EventCountry "NED"]
[SourceTitle "CBM 137 Extra"]
[Source "ChessBase"]
[SourceDate "2010.09.01"]
[SourceVersion "1"]
[SourceVersionDate "2010.09.01"]
[SourceQuality "1"]

1. Nf3 Nf6 2. c4 e6 3. Nc3 Bb4 4. Qc2 c5 5. g3 0-0 6. Bg2 Nc6 7. 0-0 d6 8. d3 h6 9. a3 Ba5 10. h3 a6 11. Rb1 Rb8 12. Na2 Nd4 13. Nxd4 cxd4 14. e3 Bb6 15. exd4 Bxd4 16. Nc3 e5 17. Ne2 Ba7 18. d4 exd4 19. Qd3 Nd7 20. Nxd4 Ne5 21. Qd1 Qf6 22. Nf3 Nxc4 23. g4 b5 24. b3 Ne5 25. Bb2 Bb7 26. Nd4 Bxd4 27. Bxd4 Bxg2 28. Kxg2 Qf4 29. f3 Rbc8 30. Bf2 Ng6 31. Rb2 Qe5 32. Rd2 Nf4+ 33. Kh2 Rc1 34. Qxc1 Ne2+ 35. Kg2 Nxc1 36. Rxc1 f5 37. Re1 Qc3 38. Rxd6 fxg4 39. Re3 gxf3+ 40. Kf1 Qc1+ 41. Re1 Qg5 42. Ree6 Rc8 0-1

[Event "Vlissingen HZ op 14th"]
[Site "Vlissingen"]
[Date "2010.08.10"]
[Round "5"]
[White "Verduyn, Frederic"]
[Black "Bitalzadeh, Ali"]
[Result "0-1"]
[WhiteElo "2195"]
[BlackElo "2415"]
[PlyCount "56"]
[EventDate "2010.08.07"]
[EventType "swiss"]
[EventRounds "9"]
[EventCountry "NED"]
[SourceTitle "CBM 137 Extra"]
[Source "ChessBase"]
[SourceDate "2010.09.01"]
[SourceVersion "1"]
[SourceVersionDate "2010.09.01"]
[SourceQuality "1"]

1. Nf3 Nf6 2. c4 g6 3. d4 Bg7 4. g3 0-0 5. Bg2 d6 6. Nc3 Nbd7 7. 0-0 e5 8. e4 a6 9. Re1 exd4 10. Nxd4 Ng4 11. Qxg4 Bxd4 12. Qd1 Bg7 13. f4 Rb8 14. Be3 b5 15. cxb5 axb5 16. Ba7 b4 17. Bxb8 bxc3 18. Ba7 cxb2 19. Rb1 c5 20. Qxd6 Bd4+ 21. Kh1 Qa5 22. Bb8 Nxb8 23. Qxb8 c4 24. Qd6 Rd8 25. Qc6 c3 26. e5 Bf5 27. Be4 Bxe4+ 28. Qxe4 Qa8 0-1

[Event "Vlissingen HZ op 14th"]
[Site "Vlissingen"]
[Date "2010.08.09"]
[Round "4"]
[White "Dijkstra, Arjan"]
[Black "Verduyn, Frederic"]
[Result "0-1"]
[WhiteElo "1941"]
[BlackElo "2195"]
[PlyCount "70"]
[EventDate "2010.08.07"]
[EventType "swiss"]
[EventRounds "9"]
[EventCountry "NED"]
[SourceTitle "CBM 137 Extra"]
[Source "ChessBase"]
[SourceDate "2010.09.01"]
[SourceVersion "1"]
[SourceVersionDate "2010.09.01"]
[SourceQuality "1"]

1. e4 d6 2. d4 Nf6 3. Nc3 c6 4. Be3 Nbd7 5. Qd2 e5 6. 0-0-0 Be7 7. Be2 b5 8. f3 b4 9. Na4 Qa5 10. b3 Nb6 11. c3 Nxa4 12. cxb4 Qc7 13. bxa4 0-0 14. Kb1 Rb8 15. Rc1 d5 16. b5 exd4 17. Bf4 Bd6 18. Bxd6 Qxd6 19. Qxd4 Re8 20. Ka1 Bd7 21. Rc5 cxb5 22. Bxb5 Bxb5 23. axb5 Qb6 24. Ne2 dxe4 25. Qc4 exf3 26. Nf4 fxg2 27. Nxg2 Ne4 28. Rc6 Qf2 29. Rf1 Qxg2 30. Qxf7+ Kh8 31. Re6 Rg8 32. Re7 Nd6 33. Qf4 Rxb5 34. Qc1 Ra5 35. Qb1 Rxa2+ 0-1

[Event "BEL-chT 0910"]
[Site "Belgium"]
[Date "2010.03.07"]
[Round "10"]
[White "Voicu Jagodzinsky, Carmen"]
[Black "Verduyn, Frederic"]
[Result "1/2-1/2"]
[WhiteElo "2297"]
[BlackElo "2183"]
[PlyCount "105"]
[EventDate "2009.09.27"]
[EventType "team-tourn"]
[EventRounds "11"]
[EventCountry "BEL"]
[SourceTitle "EXT 2011"]
[Source "ChessBase"]
[SourceDate "2010.11.26"]
[SourceVersion "1"]
[SourceVersionDate "2010.11.26"]
[SourceQuality "1"]
[WhiteTeam "Wirtzfeld"]
[BlackTeam "KBSK Brugge"]
[WhiteTeamCountry "BEL"]
[BlackTeamCountry "BEL"]

1. e4 d6 2. d4 Nf6 3. Nc3 c6 4. f4 Qa5 5. Bd3 e5 6. Nf3 Bg4 7. Be3 Nbd7 8. 0-0 Be7 9. h3 Bh5 10. Kh1 0-0 11. dxe5 dxe5 12. f5 Bxf3 13. Qxf3 h6 14. a3 b5 15. g4 Nh7 16. Qg3 Qd8 17. Bf2 a6 18. Rad1 Bf6 19. Be2 Qe7 20. h4 g5 21. h5 Rfd8 22. Rd2 Ndf8 23. Bd3 Qc7 24. Qg1 Rab8 25. Ba7 Rb7 26. Be3 Be7 27. Rfd1 Nf6 28. Be2 Rxd2 29. Rxd2 b4 30. axb4 Rxb4 31. b3 Qa5 32. Bd3 Rb8 33. Nd1 Qb4 34. Re2 N8d7 35. Bd2 Qb7 36. Bc3 Bb4 37. Bb2 a5 38. Qg3 Re8 39. Ne3 Bd6 40. Nc4 Bc7 41. Kg2 Nc5 42. Kh3 a4 43. Qe3 Nxd3 44. Qxd3 axb3 45. cxb3 Qa7 46. Qe3 Qb7 47. Rc2 Rb8 48. Nd2 Rd8 49. Rc4 Bb6 50. Qe2 Ba5 51. Bc3 Bxc3 52. Rxc3 Rd4 53. Rc4 1/2-1/2

[Event "BEL-chT 0910"]
[Site "Belgium"]
[Date "2009.11.29"]
[Round "5"]
[White "Verduyn, Frederic"]
[Black "Huesmann, Thomas"]
[Result "1-0"]
[WhiteElo "2183"]
[BlackElo "2272"]
[PlyCount "73"]
[EventDate "2009.09.27"]
[EventType "team-tourn"]
[EventRounds "11"]
[EventCountry "BEL"]
[SourceTitle "EXT 2011"]
[Source "ChessBase"]
[SourceDate "2010.11.26"]
[SourceVersion "1"]
[SourceVersionDate "2010.11.26"]
[SourceQuality "1"]
[WhiteTeam "KBSK Brugge"]
[BlackTeam "KSK Rochade"]
[WhiteTeamCountry "BEL"]
[BlackTeamCountry "BEL"]

1. e4 e5 2. Nf3 Nc6 3. d4 exd4 4. Bc4 Nf6 5. e5 d5 6. Bb5 Ne4 7. Nxd4 Bd7 8. Bxc6 bxc6 9. 0-0 Bc5 10. Be3 Qe7 11. f3 Nd6 12. f4 Nf5 13. Bf2 0-0 14. c3 Rab8 15. b3 Bb6 16. Qf3 Rfd8 17. Nd2 c5 18. Nxf5 Bxf5 19. g4 Bc8 20. Rfe1 Ba5 21. Qh3 Re8 22. Rad1 h5 23. Qxh5 Rb6 24. e6 Rxe6 25. f5 Rxe1+ 26. Rxe1 Qd7 27. Rc1 d4 28. Nf3 Bxc3 29. Ng5 Bd2 30. Qh7+ Kf8 31. Qh8+ Ke7 32. Qxg7 Bxc1 33. Nxf7 Be3 34. Ne5+ Kd6 35. Nxd7 Bxd7 36. f6 d3 37. f7 1-0

[Event "BEL-chT 0910"]
[Site "Belgium"]
[Date "2009.10.18"]
[Round "2"]
[White "Van de Wynkele, Eric"]
[Black "Verduyn, Frederic"]
[Result "1/2-1/2"]
[WhiteElo "2140"]
[BlackElo "2183"]
[PlyCount "84"]
[EventDate "2009.09.27"]
[EventType "team-tourn"]
[EventRounds "11"]
[EventCountry "BEL"]
[SourceTitle "EXT 2011"]
[Source "ChessBase"]
[SourceDate "2010.11.26"]
[SourceVersion "1"]
[SourceVersionDate "2010.11.26"]
[SourceQuality "1"]
[WhiteTeam "Jean Jaures"]
[BlackTeam "KBSK Brugge"]
[WhiteTeamCountry "BEL"]
[BlackTeamCountry "BEL"]

1. e4 d6 2. d4 Nf6 3. Nc3 c6 4. a4 Nbd7 5. Nf3 e5 6. h3 Be7 7. Be3 0-0 8. Bc4 Nxe4 9. Nxe4 d5 10. Nxe5 dxc4 11. Nxc4 f5 12. Nc5 Nxc5 13. dxc5 Qe8 14. Qe2 Bf6 15. Rd1 Qg6 16. f4 Be6 17. 0-0 Rae8 18. Nd6 Re7 19. c4 Kh8 20. Rd3 Qh6 21. Rb3 Bc8 22. Qd2 Qh5 23. Rd3 Be6 24. Re1 Bg8 25. b3 h6 26. Qa5 Bh4 27. Bf2 Bxf2+ 28. Kxf2 Rxe1 29. Qxe1 Qh4+ 30. g3 Qxh3 31. Qe7 Rf6 32. Re3 Rg6 33. Qh4 Qxh4 34. gxh4 Rg4 35. Nxf5 Rxf4+ 36. Rf3 Rxf3+ 37. Kxf3 Bh7 38. Nd4 Kg8 39. Kf4 Kf7 40. a5 a6 41. Ke5 Ke7 42. Ne6 g6 1/2-1/2

[Event "Geraardsbergen op 25th"]
[Site "Geraardsbergen"]
[Date "2009.08.14"]
[Round "5"]
[White "Verduyn, Frederic"]
[Black "Baguet, Frederic"]
[Result "1-0"]
[WhiteElo "2183"]
[BlackElo "1995"]
[PlyCount "81"]
[EventDate "2009.08.12"]
[EventType "swiss"]
[EventRounds "9"]
[EventCountry "BEL"]
[SourceTitle "CBM 132 Extra"]
[Source "ChessBase"]
[SourceDate "2009.11.03"]
[SourceVersion "1"]
[SourceVersionDate "2009.11.03"]
[SourceQuality "1"]

1. e4 d5 2. exd5 Qxd5 3. Nc3 Qa5 4. d4 Nf6 5. Nf3 Bf5 6. Bc4 e6 7. Qe2 c6 8. Bd2 Nbd7 9. 0-0-0 Qc7 10. h3 0-0-0 11. g4 Bg6 12. Ne5 Nxe5 13. dxe5 Nd5 14. f4 h5 15. Rhf1 hxg4 16. hxg4 Nxc3 17. Bxc3 Rxd1+ 18. Rxd1 Be7 19. Qf2 b5 20. f5 exf5 21. gxf5 Bg5+ 22. Kb1 Rd8 23. Rxd8+ Qxd8 24. Bd3 Bh5 25. Qxa7 Qd5 26. a4 Qh1+ 27. Ka2 Qd5+ 28. b3 bxa4 29. Qxa4 Bf3 30. Qa8+ Kd7 31. Qb7+ Ke8 32. Bc4 Qd7 33. Qxd7+ Kxd7 34. Bxf7 Ke7 35. Bc4 c5 36. b4 cxb4 37. Bxb4+ Ke8 38. Bb5+ Kd8 39. Bf8 Be4 40. Bd3 Bd5+ 41. c4 1-0

[Event "Vlissingen HZ op 13th"]
[Site "Vlissingen"]
[Date "2009.08.04"]
[Round "5"]
[White "Campbell, Ian"]
[Black "Verduyn, Frederic"]
[Result "0-1"]
[WhiteElo "2011"]
[BlackElo "2183"]
[PlyCount "106"]
[EventDate "2009.08.01"]
[EventType "swiss"]
[EventRounds "9"]
[EventCountry "NED"]
[SourceTitle "CBM 131 Extra"]
[Source "ChessBase"]
[SourceDate "2009.09.03"]
[SourceVersion "2"]
[SourceVersionDate "2009.09.16"]
[SourceQuality "1"]

1. Nf3 Nf6 2. b3 e6 3. e3 b6 4. Bb2 Bb7 5. Be2 c5 6. c4 d5 7. d3 Nbd7 8. Qc2 Bd6 9. a3 0-0 10. 0-0 Qe7 11. Nbd2 e5 12. cxd5 Nxd5 13. Ne4 Bc7 14. Nc3 N5f6 15. Rad1 Rac8 16. Ne1 Rfd8 17. Bf3 Bxf3 18. Nxf3 Nf8 19. Rd2 Ng6 20. Rfd1 h6 21. Ne2 Qe6 22. Qc4 Qe8 23. a4 Nd5 24. Nc3 Nb4 25. Nb5 Bb8 26. Bc3 Nc6 27. Na3 Qd7 28. Nc2 Kh8 29. Nh4 Nxh4 30. Qxh4 Qe6 31. Qc4 Qg6 32. Ne1 Qh5 33. Nf3 Nd4 34. Bxd4 cxd4 35. Qb4 Rc5 36. e4 Bd6 37. Qa3 Rc3 38. Qb2 Rdc8 39. h3 f6 40. Ne1 a5 41. f3 Qf7 42. Rb1 Qc7 43. Kf2 g6 44. Ke2 f5 45. Kd1 Qe7 46. Rc2 Bb4 47. Rxc3 Bxc3 48. Qc1 f4 49. Ke2 Qh4 50. Nc2 Qg3 51. Kf1 Qh2 52. Kf2 Be1+ 53. Kxe1 Qg1+ 0-1